[Event "Belgrade-chT Quality"]
[Site "Belgrade"]
[Date "2021.10.23"]
[Round "3.6"]
[White "Krsmanovic, Goran"]
[Black "Crevar, Stefan"]
[Result "0-1"]
[WhiteElo "1835"]
[BlackElo "1649"]
[PlyCount "66"]
[EventDate "2021.10.16"]
[EventType "team-tourn"]
[EventRounds "11"]
[EventCountry "SRB"]
[SourceTitle "EXT 2023"]
[Source "ChessBase"]
[SourceDate "2022.10.05"]
[SourceVersion "1"]
[SourceVersionDate "2022.10.05"]
[SourceQuality "1"]
[WhiteTeam "Belgrade Obrenovac"]
[BlackTeam "Belgrade Polet"]
[WhiteTeamCountry "SRB"]
[BlackTeamCountry "SRB"]

1. d4 Nf6 2. Bf4 c5 3. e3 cxd4 4. exd4 g6 5. c3 Bg7 6. Nf3 0-0 7. Bd3 d5 8. 0-0 Nc6 9. Nbd2 e6 10. h3 Bd7 11. Re1 a6 12. b4 b5 13. Nb3 Qb6 14. Nc5 a5 15. a3 Ra7 16. Qe2 Rfa8 17. Qb2 h6 18. Ne5 Nxe5 19. Bxe5 Ne8 20. Bf4 Nd6 21. h4 h5 22. f3 Bf6 23. g3 Nc4 24. Bxc4 bxc4 25. Nxd7 Rxd7 26. b5 a4 27. Rab1 Rb7 28. g4 Bxh4 29. Re2 g5 30. Be5 hxg4 31. fxg4 Ra5 32. Qc2 Rxb5 33. Rxb5 Qxb5 0-1

[Event "Belgrade-chT Quality"]
[Site "Belgrade"]
[Date "2021.10.17"]
[Round "2.6"]
[White "Ristic, Slobodan B"]
[Black "Krsmanovic, Goran"]
[Result "1-0"]
[WhiteElo "1959"]
[BlackElo "1835"]
[PlyCount "48"]
[EventDate "2021.10.16"]
[EventType "team-tourn"]
[EventRounds "11"]
[EventCountry "SRB"]
[SourceTitle "EXT 2023"]
[Source "ChessBase"]
[SourceDate "2022.10.05"]
[SourceVersion "1"]
[SourceVersionDate "2022.10.05"]
[SourceQuality "1"]
[WhiteTeam "Belgrade Banjica"]
[BlackTeam "Belgrade Obrenovac"]
[WhiteTeamCountry "SRB"]
[BlackTeamCountry "SRB"]

1. e4 e6 2. d4 d5 3. Nc3 Bb4 4. e5 c5 5. a3 cxd4 6. axb4 dxc3 7. bxc3 Qc7 8. Qd4 Nc6 9. Bb5 Nge7 10. Nf3 0-0 11. Bxc6 Nxc6 12. Qe3 Bd7 13. 0-0 Rac8 14. Bd2 Ne7 15. Rfe1 Bb5 16. Nd4 Bc4 17. Qh3 Ng6 18. Qg3 a6 19. h4 Ne7 20. Qh3 h6 21. g4 Nc6 22. Nf3 d4 23. g5 dxc3 24. Bf4 f5 1-0

[Event "Belgrade-chT Quality"]
[Site "Belgrade"]
[Date "2016.10.27"]
[Round "11.4"]
[White "Vlaisavljevic, Milan"]
[Black "Krsmanovic, Goran"]
[Result "1/2-1/2"]
[WhiteElo "2011"]
[BlackElo "1831"]
[PlyCount "105"]
[EventDate "2016.10.01"]
[EventType "team-tourn"]
[EventRounds "11"]
[EventCountry "SRB"]
[SourceTitle "EXT 2018"]
[Source "ChessBase"]
[SourceDate "2017.10.13"]
[SourceVersion "1"]
[SourceVersionDate "2017.10.13"]
[SourceQuality "1"]

1. e4 d5 2. exd5 Qxd5 3. Nc3 Qd8 4. Nf3 Bg4 5. Be2 e6 6. h3 Bf5 7. d4 c6 8. 0-0 Nd7 9. Bf4 Ngf6 10. Bd3 Bxd3 11. Qxd3 Be7 12. Rad1 0-0 13. Bg5 h6 14. Bh4 Re8 15. Rfe1 a5 16. Bg3 b5 17. Ne4 Nb6 18. Nxf6+ Bxf6 19. b3 a4 20. Ne5 Bxe5 21. Bxe5 f6 22. Bf4 Kf7 23. Qg3 Nd5 24. Bd2 Qc7 25. Qd3 Kg8 26. Re4 f5 27. Re5 b4 28. Rde1 Qd7 29. Qc4 axb3 30. axb3 Qd6 31. Qe2 Ra2 32. Qc4 Re7 33. Qd3 Ra8 34. Qg3 Kh7 35. h4 Rf8 36. Qd3 Kh8 37. Ra1 Rfe8 38. g4 fxg4 39. Qg6 Nf6 40. Be3 Rf8 41. Rd1 Nd5 42. Qxg4 Rf6 43. Ra1 Ref7 44. Ra8+ Kh7 45. Qe4+ g6 46. Re8 Re7 47. Rxe7+ Qxe7 48. Bd2 Qf7 49. Qe2 Qe7 50. Qe4 Qf7 51. Qe2 Kg7 52. Re4 Kh7 53. Re5 1/2-1/2

[Event "Belgrade-chT Quality"]
[Site "Belgrade"]
[Date "2016.10.15"]
[Round "5.6"]
[White "Krsmanovic, Goran"]
[Black "Savkic, Igor"]
[Result "1/2-1/2"]
[WhiteElo "1831"]
[BlackElo "2009"]
[PlyCount "27"]
[EventDate "2016.10.01"]
[EventType "team-tourn"]
[EventRounds "11"]
[EventCountry "SRB"]
[SourceTitle "EXT 2018"]
[Source "ChessBase"]
[SourceDate "2017.10.13"]
[SourceVersion "1"]
[SourceVersionDate "2017.10.13"]
[SourceQuality "1"]

1. d4 d5 2. Bf4 Nf6 3. c3 e6 4. Nf3 c5 5. dxc5 Bxc5 6. e3 0-0 7. Bd3 Nc6 8. Ne5 Bd6 9. Nxc6 bxc6 10. Bg5 h6 11. Bh4 Rb8 12. Qc2 e5 13. Nd2 e4 14. Be2 1/2-1/2

[Event "Belgrade-chT Quality"]
[Site "Belgrade"]
[Date "2015.11.05"]
[Round "11.4"]
[White "Krsmanovic, Goran"]
[Black "Milicevic, Aleksa"]
[Result "0-1"]
[WhiteElo "1837"]
[BlackElo "2166"]
[PlyCount "110"]
[EventDate "2015.10.03"]
[EventType "team-tourn"]
[EventRounds "11"]
[EventCountry "SRB"]
[SourceTitle "EXT 2018"]
[Source "ChessBase"]
[SourceDate "2017.10.13"]
[SourceVersion "1"]
[SourceVersionDate "2017.10.13"]
[SourceQuality "1"]

1. d4 d5 2. Nf3 Nf6 3. h3 e6 4. Bg5 Be7 5. e3 Nbd7 6. Nbd2 c6 7. c3 Qc7 8. Bd3 h6 9. Bf4 Bd6 10. Bxd6 Qxd6 11. Qe2 c5 12. Bb5 0-0 13. 0-0 e5 14. Bxd7 Nxd7 15. Nxe5 Nxe5 16. dxe5 Qxe5 17. Nf3 Qf6 18. e4 dxe4 19. Qxe4 Qb6 20. Qc2 Be6 21. c4 Rad8 22. Rfd1 Qc7 23. Qc3 b6 24. b3 Rfe8 25. Re1 Rd6 26. Rad1 Red8 27. Qe5 Qc6 28. Qe2 Qc7 29. Rxd6 Qxd6 30. Qb2 Qc7 31. Qc2 Qf4 32. Rd1 Qc7 33. Rxd8+ Qxd8 34. Qd2 Qxd2 35. Nxd2 Kf8 36. Kf1 Ke7 37. Ke2 Kd6 38. Ke3 Bd7 39. Ne4+ Ke6 40. g3 Bc6 41. Nc3 g5 42. f3 Kf5 43. g4+ Ke5 44. Ne2 f5 45. gxf5 Kxf5 46. Ng3+ Ke5 47. Ne2 Bd7 48. f4+ Kf6 49. Ng1 Kf5 50. fxg5 hxg5 51. Kd2 Ke5 52. Kc3 Ke4 53. Ne2 Bxh3 54. Kd2 Bd7 55. Ng3+ Kf3 0-1

[Event "Belgrade-chT Quality"]
[Site "Belgrade"]
[Date "2015.11.04"]
[Round "10"]
[White "Rodic, Dragan"]
[Black "Krsmanovic, Goran"]
[Result "1-0"]
[WhiteElo "2052"]
[BlackElo "1837"]
[PlyCount "45"]
[EventDate "2015.10.03"]
[EventType "team-tourn"]
[EventRounds "11"]
[EventCountry "SRB"]
[SourceTitle "EXT 2018"]
[Source "ChessBase"]
[SourceDate "2017.10.13"]
[SourceVersion "1"]
[SourceVersionDate "2017.10.13"]
[SourceQuality "1"]

1. d4 d5 2. Nf3 Bf5 3. c4 Nf6 4. Nc3 c6 5. Qb3 Qb6 6. c5 Qxb3 7. axb3 Ne4 8. e3 Nd7 9. b4 f6 10. b5 Nxc3 11. bxc3 e5 12. bxc6 bxc6 13. c4 Be6 14. Nd2 Be7 15. cxd5 Bxd5 16. Bc4 0-0 17. Bxd5+ cxd5 18. Nb1 exd4 19. exd4 Rfe8 20. 0-0 Reb8 21. Nc3 Nf8 22. Nxd5 Bd8 23. Ra6 1-0

[Event "Belgrade Trophy 23rd"]
[Site "Obrenovac"]
[Date "2010.11.27"]
[Round "4"]
[White "Zivkovic, Dragoslav"]
[Black "Krsmanovic, Goran"]
[Result "1-0"]
[WhiteElo "2024"]
[BlackElo "1810"]
[PlyCount "125"]
[EventDate "2010.11.24"]
[EventType "swiss"]
[EventRounds "9"]
[EventCountry "YUG"]
[SourceTitle "CBM 139 Extra"]
[Source "ChessBase"]
[SourceDate "2011.01.05"]
[SourceVersion "1"]
[SourceVersionDate "2011.01.05"]
[SourceQuality "1"]

1. e4 e5 2. Nf3 Nc6 3. Bb5 d6 4. c3 Bd7 5. 0-0 Nf6 6. Re1 Be7 7. d4 exd4 8. cxd4 0-0 9. Nc3 h6 10. h3 a6 11. Bd3 Nb4 12. Bb1 Nc6 13. e5 dxe5 14. dxe5 Nh7 15. Qd3 f5 16. exf6 Nxf6 17. Nd5 Bd6 18. Bxh6 Be8 19. Bg5 Bh2+ 20. Kxh2 Qxd5 21. Qxd5+ Nxd5 22. Be4 Bf7 23. a3 Na7 24. Rad1 c6 25. Ne5 Be6 26. f3 Nb5 27. Ng6 Rfe8 28. h4 Nd6 29. Bxd5 cxd5 30. Nf4 Kf7 31. Nxd5 Bxd5 32. Rxe8 Rxe8 33. Rxd5 Ke6 34. Rc5 Kd7 35. Rc2 b5 36. b3 Re1 37. Bc1 Nf5 38. h5 Ne3 39. Rc3 Nd5 40. Rd3 Ke6 41. Bg5 Ra1 42. b4 Ra2 43. h6 gxh6 44. Bxh6 Nb6 45. Kh3 Nc4 46. Bc1 Rc2 47. Bh6 Ra2 48. g4 Rxa3 49. Rxa3 Nxa3 50. Bf8 Nc4 51. f4 Kf7 52. Bc5 a5 53. bxa5 Nxa5 54. Kh4 Nc6 55. Kh5 b4 56. g5 b3 57. Ba3 Ne7 58. Bb2 Nf5 59. g6+ Kg8 60. Kg5 Ne3 61. f5 Nc4 62. f6 Nd6 63. Kf4 1-0

[Event "Belgrade Trophy 20th"]
[Site "Belgrade"]
[Date "2007.11.24"]
[Round "3"]
[White "Krsmanovic, Goran"]
[Black "Djekovic, Zoran"]
[Result "0-1"]
[WhiteElo "1822"]
[BlackElo "2042"]
[PlyCount "61"]
[EventDate "2007.11.22"]
[EventType "swiss"]
[EventRounds "9"]
[EventCountry "YUG"]
[SourceTitle "CBM 121 Extra"]
[Source "ChessBase"]
[SourceDate "2008.01.10"]
[SourceVersion "1"]
[SourceVersionDate "2008.01.10"]
[SourceQuality "1"]

1. d4 Nf6 2. Bf4 d5 3. e3 e6 4. Nd2 Bd6 5. Bg5 Be7 6. c4 c6 7. a3 Nbd7 8. Bd3 e5 9. c5 0-0 10. Ne2 b6 11. b4 e4 12. Bc2 Ne8 13. Bf4 f5 14. h3 bxc5 15. bxc5 Ba6 16. 0-0 g5 17. Bh2 Ng7 18. Re1 Ne6 19. f4 Bxe2 20. Qxe2 gxf4 21. Bxf4 Nxf4 22. exf4 Bf6 23. Qe3 Nxc5 24. dxc5 Bxa1 25. Rxa1 d4 26. Qg3+ Kh8 27. Bb3 Rb8 28. h4 e3 29. h5 exd2 30. h6 Qe7 31. Rd1 0-1

[Event "Belgrade Trophy 20th"]
[Site "Belgrade"]
[Date "2007.11.22"]
[Round "1"]
[White "Krsmanovic, Goran"]
[Black "Sarenac, David"]
[Result "0-1"]
[WhiteElo "1822"]
[BlackElo "2212"]
[PlyCount "62"]
[EventDate "2007.11.22"]
[EventType "swiss"]
[EventRounds "9"]
[EventCountry "YUG"]
[SourceTitle "CBM 121 Extra"]
[Source "ChessBase"]
[SourceDate "2008.01.10"]
[SourceVersion "1"]
[SourceVersionDate "2008.01.10"]
[SourceQuality "1"]

1. d4 Nf6 2. Bf4 g6 3. e3 Bg7 4. Bd3 d5 5. Nd2 0-0 6. Ngf3 b6 7. b4 c5 8. c3 Nbd7 9. h3 Bb7 10. 0-0 Ne4 11. Rc1 Rc8 12. b5 Re8 13. Qa4 Ra8 14. Rfe1 e5 15. Bh2 Nxd2 16. Nxd2 e4 17. Bf1 Qf6 18. Be2 h5 19. Nf1 Re7 20. Bg3 c4 21. Qb4 Re6 22. a4 Bf8 23. Qb2 h4 24. Bh2 Qg7 25. f3 exf3 26. Bxf3 f5 27. g4 hxg3 28. Bxg3 Qe7 29. Qg2 Nf6 30. Bh4 Qf7 31. Ng3 Kh7 0-1

[Event "Belgrade Trophy 18th"]
[Site "Obrenovac"]
[Date "2005.??.??"]
[Round "4"]
[White "Krsmanovic, Goran"]
[Black "Damjanovic, Lazar"]
[Result "1/2-1/2"]
[WhiteElo "1828"]
[BlackElo "2092"]
[PlyCount "95"]
[EventDate "2005.11.22"]
[EventType "swiss"]
[EventRounds "9"]
[EventCountry "YUG"]
[SourceTitle "CBM 109 Extra"]
[Source "ChessBase"]
[SourceDate "2006.01.03"]
[SourceVersion "2"]
[SourceVersionDate "2006.01.03"]
[SourceQuality "1"]

1. d4 Nf6 2. Bf4 g6 3. c3 Bg7 4. Nf3 d5 5. e3 0-0 6. Bd3 Nbd7 7. 0-0 Nh5 8. Bg5 c5 9. b3 h6 10. Bh4 Re8 11. Nbd2 Qb6 12. a4 e5 13. dxe5 Nxe5 14. Nxe5 Rxe5 15. Rc1 Bf6 16. Bg3 Nxg3 17. hxg3 h5 18. Qc2 h4 19. Nf3 Rh5 20. Bxg6 Rh6 21. Bf5 hxg3 22. fxg3 c4 23. Nd4 cxb3 24. Qd3 Bxd4 25. Qxd4 Bxf5 26. Rxf5 Qxd4 27. cxd4 Rb6 28. Rxd5 b2 29. Rb1 Rc8 30. Rc5 Rxc5 31. dxc5 Rb4 32. Kf2 Kf8 33. Ke2 Ke7 34. Kd3 Kd7 35. Kc3 a5 36. Rxb2 Rxb2 37. Kxb2 Kc6 38. Kc3 Kxc5 39. e4 b5 40. axb5 Kxb5 41. g4 Kc5 42. g5 Kd6 43. Kd4 Ke6 44. Kc5 Ke5 45. Kb5 Kxe4 46. Kxa5 Kf4 47. Kb5 Kxg5 48. Kc5 1/2-1/2

[Event "Belgrade Trophy 18th"]
[Site "Obrenovac"]
[Date "2005.??.??"]
[Round "2"]
[White "Ljangov, Petar"]
[Black "Krsmanovic, Goran"]
[Result "1-0"]
[WhiteElo "2140"]
[BlackElo "1828"]
[PlyCount "95"]
[EventDate "2005.11.22"]
[EventType "swiss"]
[EventRounds "9"]
[EventCountry "YUG"]
[SourceTitle "CBM 109 Extra"]
[Source "ChessBase"]
[SourceDate "2006.01.03"]
[SourceVersion "2"]
[SourceVersionDate "2006.01.03"]
[SourceQuality "1"]

1. e4 e5 2. Nf3 Nc6 3. Bb5 d6 4. d4 exd4 5. Nxd4 Bd7 6. 0-0 Nge7 7. Nc3 g6 8. Be3 Bg7 9. Nxc6 Nxc6 10. Bxc6 Bxc6 11. Bd4 0-0 12. Bxg7 Kxg7 13. Qd4+ Qf6 14. Qxf6+ Kxf6 15. Rfd1 Rfe8 16. f3 Kg7 17. Kf2 f6 18. Ne2 Bb5 19. Nf4 Bc4 20. Nd5 Bxd5 21. Rxd5 Re5 22. Rad1 Rae8 23. Rxe5 Rxe5 24. Rd5 Re6 25. Rb5 b6 26. Rd5 Kf7 27. b4 c6 28. Rd3 Ke8 29. c4 Kd8 30. c5 Kc7 31. cxd6+ Rxd6 32. Ke3 Re6 33. f4 Re7 34. h4 Rd7 35. g4 h6 36. Ra3 Kd8 37. Rc3 Kc7 38. Rc1 a5 39. bxa5 bxa5 40. e5 fxe5 41. fxe5 Re7 42. Ke4 Kb6 43. Rf1 Kb5 44. Rf6 Rg7 45. e6 Kc5 46. Ke5 Kb4 47. Rf7 Rg8 48. e7 1-0